| 000 | 00667nam a2200229 i 4500 | ||
|---|---|---|---|
| 001 | bg | ||
| 245 | 0 | 0 |
_aABC Konstytucji Unii Europejskiej / _c[aut. projektu, red. prowadzący Marta Grabowska]. |
| 260 |
_aWarszawa : _bFundacja Prawo Europejskie, _c2004. |
||
| 300 |
_a40 s. ; _c21 cm. |
||
| 500 | _aWyd. sygnalne. Bezpł. dod. do mies. Monitor Unii Europejskiej. | ||
| 650 | 9 | _aKonstytucja Europejska | |
| 700 | 1 |
_aGrabowska, Marta. _eOprac. |
|
| 015 | _aPB 8640/2009 | ||
| 022 | _a17332028 | ||
| 040 | _cBPK | ||
| 041 | 0 | _apol | |
| 044 | _aPOL | ||
| 080 | _a341.12(4-67) | ||
| 942 | _cKS | ||
| 008 | 100825s2004 pl |000 0 pol | ||
| 999 |
_c49575 _d49575 |
||
| 856 |
_uhttp://koha.tu.koszalin.pl/cgi-bin/koha/opac-detail.pl?biblionumber=49575 _yKatalog online BPK |
||